| 000 | 00829nam a2200205Ia 4500 | ||
|---|---|---|---|
| 003 | GCL | ||
| 008 | 140319s9999 xx 000 0 ara d | ||
| 040 |
_aGCL / _cGCL |
||
| 082 | 0 | 4 |
_aق _b907.2 |
| 100 | 1 | _aمحمد عفيفى | |
| 245 | 1 | 0 |
_aحصاد المدرسة التاريخية لتاريخ مصر الحديث والمعاصر فى الخمس والعشرين سنة الاخيرة اعمال الندوة التى عقدت فى السيرج من 4 - 5 نوفمبر 1995 / _cمحمد عفيفى |
| 260 |
_aالقاهرة : _bدار الشرق ، _c1997 |
||
| 300 |
_a227 ص ؛ _c25سم |
||
| 490 |
_aدار الشروق _v0 |
||
| 650 | 0 | 4 | _aالتاريخ |
| 650 | 0 | 4 | _aالمؤرخون |
| 650 | 0 | 4 | _aمصر - تاريخ |
| 650 | 0 | 4 | _aمصر - تاريخ - العصر الحديث (1805 - 1956 ) |
| 942 |
_2ddc _cBK |
||
| 999 |
_c52188 _d52188 |
||